Túl a Próbaúton

Bibliographic Details
Main Author: Bodnár, Gyula, 1948- (Author)
Format: Article
Language:Hungarian
Subjects:

MARC

LEADER 00000nab a2200000 a 4500
001 vtls000310001
003 SK-MaSNL
005 20260304014231.0
008 241209c1988 xo 0 hun
015 |a SNBRB19rr/mm-uuuuu 
035 |a CL0320122 
040 |a SNKBUCL  |b slo  |c SNKBUCL  |e AACR2 
041 0 |a hun 
044 |a xo  |c SK 
080 |a 82.09:894.511 (437)-1=945.11(048)  |2 1981 
080 |a 894.511 (437)-1=945.11(048)  |2 1981 
100 1 |a Bodnár, Gyula,  |d 1948-  |4 aut  |9 100698 
245 1 0 |a Túl a Próbaúton  |c Gyula Bodnár 
650 0 7 |a maďarská poézia  |2 snkbucl  |9 1294 
655 7 |a recenzie  |2 snkbucl  |9 21907 
655 7 |a články z novín a časopisov  |2 snkbucl  |9 267496 
655 7 |a články z odboru literárna veda a krásna literatúra  |2 snkbucl  |9 770045 
773 0 |t Új szó  |g Roč. 41, č. 77 (1. 4. 1988), s. 6 
787 0 8 |i Rec.:  |a Hizsnyai, Zoltán  |d Bratislava : Madách, 1987 
850 |a Slovenská národná knižnica 
852 |a Slovenská národná knižnica 
958 |a RK 
958 |a HU 
958 |a LX 
992 |a RBX 
999 |c 2582709  |d 2584639